000 00195 a2200097 4500
001 29402
100 _aDineen
245 _aEffective word power
260 _a
_bThomas
_c
090 _c19615
_d19615
942 _aNUST-CAE
_cM
_c10686
999 _c264475
_d264475